000
00311nam a2200121Ia 4500
008
240624s9999 xx 000 0 und d
041
_a
eng
082
_a
658.408 PRA
100
_a
PRASAD KESHO
245
_a
CORPORATE GOVERNANCE
260
_c
2006
_a
New Delhi
_b
Prentice Hall India
300
_a
244 : p. : cm. ; 24
999
_c
13319
_d
13319